|
|
|
|
| LEADER |
00000nam0a2200000 4500 |
| 001 |
121481 |
| 005 |
20231101215700.0 |
| 035 |
|
|
|a (RuTPU)RU\TPU\book\131559
|
| 090 |
|
|
|a 121481
|
| 100 |
|
|
|a 20070914d1972 k y0rusy50 ca
|
| 101 |
0 |
|
|a rus
|
| 102 |
|
|
|a RU
|
| 105 |
|
|
|a a z 001zy
|
| 200 |
1 |
|
|a Абстрактная и стркутурная теория релейных устройств
|e сборник статей
|f М. А. Гаврилов [и др.]
|g Академия наук СССР (АН СССР), Научный совет по комплексной проблеме "Кибернетика"; Министерство приборостроения, средств автоматизации и систем управления; под ред. М. А. Гаврилова
|
| 210 |
|
|
|a Москва
|c Наука
|d 1972
|
| 215 |
|
|
|a 215 с.
|c ил.
|
| 320 |
|
|
|a Список литературы: с. 182-211
|
| 320 |
|
|
|a Библиогр. в конце ст.
|
| 610 |
1 |
|
|a кибернетика
|
| 610 |
1 |
|
|a релейные схемы
|
| 610 |
1 |
|
|a синтез
|
| 610 |
1 |
|
|a однородные среды
|
| 610 |
1 |
|
|a теория
|
| 610 |
1 |
|
|a релейные устройства
|
| 610 |
1 |
|
|a автоматизация
|
| 610 |
1 |
|
|a сборники
|
| 675 |
|
|
|a 621.318.5
|v 3
|
| 701 |
|
1 |
|a Гаврилов
|b М. А.
|
| 701 |
|
1 |
|a Копыленко
|b В. М.
|
| 701 |
|
1 |
|a Бивол
|b Л. Г.
|
| 701 |
|
1 |
|a Пупырев
|b Е. И.
|
| 701 |
|
1 |
|a Ляхович
|b В. Ф.
|
| 701 |
|
1 |
|a Булат
|b М. С.
|
| 701 |
|
1 |
|a Вышинский
|b Л. Л.
|
| 701 |
|
1 |
|a Макаревский
|b А. Я.
|
| 701 |
|
1 |
|a Шипилина
|b Л. Б.
|
| 701 |
|
1 |
|a Вольвовский
|b Л. А.
|
| 701 |
|
1 |
|a Остиану
|b В. М.
|
| 701 |
|
1 |
|a Лаговиер
|b Б. А.
|
| 701 |
|
1 |
|a Лебедев
|b А. Г.
|
| 701 |
|
1 |
|a Потехин
|b А. И.
|
| 701 |
|
1 |
|a Девятков
|b В. В.
|
| 701 |
|
1 |
|a Марковский
|b А. В.
|
| 702 |
|
1 |
|a Гаврилов
|b М. А.
|g Михаил Александрович
|4 340
|
| 712 |
0 |
2 |
|a Академия наук СССР (АН СССР)
|b Научный совет по комплексной проблеме "Кибернетика"
|2 stltpush
|3 (RuTPU)RU\TPU\col\722
|
| 712 |
0 |
2 |
|a Министерство приборостроения, средств автоматизации и систем управления
|2 stltpush
|3 (RuTPU)RU\TPU\col\9542
|9 24707
|
| 801 |
|
1 |
|a RU
|b 63413507
|c 20070914
|g PSBO
|
| 801 |
|
2 |
|a RU
|b 63413507
|c 20120921
|g PSBO
|
| 942 |
|
|
|c BK
|